00000000nam##2200000za#4500
0019.647398
003CaOODSP
00520210615112626
007ta
008150407|1999||||xxc|||||     f|0| 0 eng|d
020 |a0-662-27984-0
040 |aCaOODSP|beng
043 |an-cn---
0861 |aMP43-400/1999E
1101 |aCanada. |bHuman Resources Development Canada.
24514|aThe National Child Benefit : |bwhat it means for Canadian families
260 |aOttawa - Ontario : |bHuman Resources Development Canada |c1999.
300 |a13p. : |billus. ; |c22 cm.
563 |aSoftcover
590 |a99-46|b1999-11-19
69007|aChild poverty|2gcpds
69007|aIncome security|2gcpds
69007|aFamily|2gcpds
77508|tLa prestation nationale pour enfants : |w(CaOODSP)9.680822
7760#|tThe National Child Benefit : |w(CaOODSP)9.696450
986 |aSP-138-07-99E